Mots par formule chimique - 3 - Statistiques

Statistiques générales
  • Ce quiz a été pris 256 fois
  • Le résultat moyen est 9 sur 10
Statistiques - réponses
Hint Réponse % Correct
Carbone-Helium-Vanadium-Aluminium Cheval
99%
Bore-Erbium-Céryum-Or Berceau
98%
Bore-Lanthium-Azote-Carbone-Hydrogène-Iode-Soufre²-Europium-Sélénium Blanchisseuse
96%
Polonium-Iode-Vanadium-Rhénium Poivre
96%
Plutonium-Bore-Lithium-Carbone-Iode-Tellure Publicité
96%
Astate-Molybdène-Soufre-Phosphore-Helium-Rhénium Atmosphère
95%
Bore-Arsenic-Soufre-Oxygène-Azote Basson
95%
Soufre-Americium-Oxygène-Uranium-Radium-Iode Samouraï
95%
Calcium-Azote-Yttrium-Oxygène-Azote Canyon
94%
Protactinium-Germanium-Soufre Pages
80%
Aucun quiz correspondant
Distribution des résultats
% des personnes avec chaque résultat
Percentile par nombre de réponses
Votre historique - résultats
Vous n’avez pas pris ce quiz